Európska integrácia a perspektívy Francúzska bakalárska práca

Salvato in:
Dettagli Bibliografici
Autore principale: Vlčková, Lucia
Ente Autore: Fakulta medzinárodných vzťahov EU. Katedra medzinárodných ekonomických vzťahov a hospodárskej diplomacie
Altri autori: Fodorová, Veronika
Natura: Libro
Lingua:slovacco
Pubblicazione: Bratislava 2013
Tags: Aggiungi Tag
Nessun Tag, puoi essere il primo ad aggiungerne!!

MARC

LEADER 00000nbm a2200000 4500
001 0172724
005 20161109112113.4
041 0 |a slo 
044 |a SK 
245 1 0 |a Európska integrácia a perspektívy Francúzska  |b bakalárska práca  |c Lucia Vlčková ; školiteľ: Veronika Fodorová 
264 1 |a Bratislava  |c 2013 
300 |a 56 s. 
100 1 |a Vlčková, Lucia 
700 1 |a Fodorová, Veronika 
710 2 |a Fakulta medzinárodných vzťahov EU. Katedra medzinárodných ekonomických vzťahov a hospodárskej diplomacie